LIBRARY & INFORMATION CENTRE, KCAET, TAVANUR

ONLINE PUBLIC ACCESS CATALOGUE (OPAC)

Khoon ki har boond / (Record no. 2634)

MARC details
000 -LEADER
fixed length control field 00417cam a2200169ua 4500
041 ## - LANGUAGE CODE
Language code of text/sound track or separate title hin
082 ## - DEWEY DECIMAL CLASSIFICATION NUMBER
Classification number 891.54
Item number YAG/KH
100 ## - MAIN ENTRY--AUTHOR NAME
Personal name Yagya, Datta Sharma .
245 ## - TITLE STATEMENT
Title Khoon ki har boond /
260 ## - PUBLICATION, DISTRIBUTION, ETC. (IMPRINT)
Place of publication :
Name of publisher Laddbari Samskaran ,
Year of publication 1959.
300 ## - PHYSICAL DESCRIPTION
Number of Pages 126 ; .
942 ## - ADDED ENTRY ELEMENTS (KOHA)
Koha item type Books
Holdings
Withdrawn status Lost status Damaged status Home library Current library Date acquired Full call number Accession Number Koha item type Public note
Withdrawn     KAUAET Sanskrit University 07/04/2012 891.54 6361 Books Transferred to Sanskrit University
free website counter